[Event "4NCL Online Division 7"]
[Site "online"]
[Date "2021.02.23"]
[EventDate "2021.02.23"]
[Round "3.243"]
[White "Bedretdinov, Rasul"]
[WhiteElo "917"]
[WhiteTeam "MHJ Knights"]
[Black "Mehta, Sophie"]
[BlackElo "1360"]
[BlackTeam "Braunstone 2"]
[Result "0-1"]
[PlyCount "128"]

1. e4 c5 2. Nf3 Nc6 3. d4 cxd4 4. Nxd4 g6 5. Nc3 Bg7 6. Be3 Nf6 7. Qd2 Ng4 8. Nxc6 bxc6 9. Bd4 Nf6 10. Be2 O-O 11. O-O d5 12. Bxf6 Bxf6 13. exd5 cxd5 14. Nxd5 Bxb2 15. Rab1 Bg7 16. Rfd1 Be6 17. Nb4 Rb8 18. Qxd8 Rfxd8 19. Rxd8+ Rxd8 20. Nc6 Rd2 21. Rb8+ Bf8 22. Bf1 Rxc2 23. Nxa7 Rxa2 24. Nc6 Kg7 25. h3 Bd5 26. Nb4 Rb2 27. Rb5 e6 28. Nxd5 Rxb5 29. Bxb5 exd5 30. Kf1 Kf6 31. Ke2 Ke5 32. Kd3 Bc5 33. f3 Kf4 34. Bc6 d4 35. Kc4 Ba7 36. Be8 f5 37. h4 Kg3 38. h5 gxh5 39. Bxh5 Kxg2 40. Bg6 Kxf3 41. Bxf5 h5 42. Bd7 h4 43. Bc6+ Kg3 44. Kd3 h3 45. Ke2 h2 46. Kd3 Kf2 47. Kd2 Kg1 48. Kd3 h1=Q 49. Bxh1 Kxh1 50. Kd2 Kg2 51. Kd3 Kf3 52. Kd2 Bc5 53. Kd3 Bb6 54. Kd2 Ke4 55. Ke2 Ba5 56. Kd1 Ke3 57. Kc2 Ke2 58. Kc1 d3 59. Kb2 d2 60. Ka2 d1=Q 61. Kb2 Qd2+ 62. Kb1 Kd3 63. Ka1 Kc3 64. Kb1 Qb2# 0-1

[Event "4NCL Online Division 7"]
[Site "online"]
[Date "2021.02.23"]
[EventDate "2021.02.23"]
[Round "3.244"]
[White "Mehta, Hatle"]
[WhiteElo "1188"]
[WhiteTeam "Braunstone 2"]
[Black "Sawyer, Charlie"]
[BlackElo "925"]
[BlackTeam "MHJ Knights"]
[Result "1-0"]
[PlyCount "127"]

1. d4 d5 2. Bf4 Nc6 3. e3 Nf6 4. Nf3 g6 5. Nbd2 Bg7 6. c3 Bf5 7. Bb5 a6 8. Bxc6+ bxc6 9. O-O O-O 10. Ne5 Qc8 11. Nxc6 Qd7 12. Ne5 Qb5 13. b4 Nd7 14. Nxd7 Qxd7 15. Nf3 Qb5 16. Re1 Qc4 17. Be5 Qxc3 18. Bxg7 Kxg7 19. Qc1 Qxb4 20. Qxc7 Rfe8 21. Qe5+ f6 22. Qxd5 Qc3 23. Qb3 Qc6 24. Rac1 Qe4 25. h3 h5 26. Nd2 Qe6 27. Qxe6 Bxe6 28. a4 a5 29. Rc5 Bd7 30. Ra1 Rec8 31. Rxc8 Rxc8 32. f4 Rb8 33. Nc4 Rb4 34. Nxa5 Rxa4 35. Rxa4 Bxa4 36. Kf2 g5 37. g3 g4 38. hxg4 hxg4 39. Nc4 Bb3 40. Nd2 Bd5 41. e4 Bc6 42. Ke3 Kg6 43. d5 Bb7 44. Kd4 f5 45. e5 Kf7 46. Nc4 Ba6 47. Kc5 Bxc4 48. Kxc4 Ke8 49. Kc5 Kd7 50. e6+ Kc7 51. Kd4 Kd6 52. Kc4 Kc7 53. Kc5 Kd8 54. d6 exd6+ 55. Kxd6 Ke8 56. e7 Kf7 57. Kd7 Kf6 58. e8=Q Kg7 59. Qe5+ Kf7 60. Qxf5+ Kg7 61. Ke7 Kh6 62. Qg5+ Kh7 63. Kf7 Kh8 64. Qg7# 1-0

[Event "4NCL Online Division 7"]
[Site "online"]
[Date "2021.02.23"]
[EventDate "2021.02.23"]
[Round "3.251"]
[White "Jewad, Raeid"]
[WhiteElo "1375"]
[WhiteTeam "Uxbridge Eagles"]
[Black "Gibbison, Robert"]
[BlackElo "1570"]
[BlackTeam "Harborough Cuatro 2"]
[Result "0-1"]
[PlyCount "100"]

1. e4 e5 2. Nf3 Nc6 3. d4 exd4 4. Nxd4 Nxd4 5. Qxd4 d6 6. Nc3 c5 7. Qe3 Nf6 8. Bc4 Be7 9. Bd2 O-O 10. O-O Be6 11. Nd5 Nxd5 12. Bxd5 Bxd5 13. exd5 Re8 14. Bc3 Bf6 15. Qf3 Bxc3 16. Qxc3 b6 17. Rfe1 Qd7 18. Rxe8+ Rxe8 19. Re1 h6 20. Rxe8+ Qxe8 21. Qe3 Qd7 22. c4 Qa4 23. Qb3 Qa5 24. Kf1 Qd2 25. g3 Qd4 26. Kg2 h5 27. h4 Qe4+ 28. Qf3 Qxc4 29. b3 Qg4 30. Qxg4 hxg4 31. f3 gxf3+ 32. Kxf3 f6 33. Kf4 g6 34. g4 b5 35. g5 fxg5+ 36. Kxg5 Kf7 37. Kf4 Kf6 38. a3 c4 39. bxc4 bxc4 40. Ke4 c3 41. Kd3 c2 42. Kxc2 Ke5 43. Kd3 Kxd5 44. a4 a5 45. Kc3 Ke4 46. Kc4 d5+ 47. Kc3 Ke3 48. Kc2 d4 49. Kd1 Kd3 50. Kc1 Ke2 0-1

[Event "4NCL Online Division 7"]
[Site "online"]
[Date "2021.02.23"]
[EventDate "2021.02.23"]
[Round "3.252"]
[White "Garland, Michael A snr"]
[WhiteElo "1510"]
[WhiteTeam "Harborough Cuatro 2"]
[Black "Martellotta, Gabriele"]
[BlackElo "1352"]
[BlackTeam "Uxbridge Eagles"]
[Result "1-0"]
[PlyCount "47"]

1. e4 e5 2. Nf3 Nf6 3. d3 Be7 4. Nxe5 O-O 5. Nf3 Re8 6. g3 d5 7. Nc3 Bg4 8. Bg2 Bb4 9. Bd2 dxe4 10. dxe4 Nxe4 11. O-O Bxf3 12. Bxf3 Nxd2 13. Bxb7 Nxf1 14. Bxa8 Na6 15. Qxf1 Nc5 16. Bc6 Re6 17. Rd1 Qe7 18. Nd5 Qg5 19. Nxb4 a5 20. h4 Qe7 21. Nd5 Qd8 22. Nf4 Qxd1 23. Qxd1 g6 24. Nxe6 1-0

[Event "4NCL Online Division 7"]
[Site "online"]
[Date "2021.02.23"]
[EventDate "2021.02.23"]
[Round "3.253"]
[White "Gauri, Dhairye"]
[WhiteElo "1315"]
[WhiteTeam "Uxbridge Eagles"]
[Black "Hill, Granville"]
[BlackElo "1425"]
[BlackTeam "Harborough Cuatro 2"]
[Result "1-0"]
[PlyCount "121"]

1. e4 e5 2. Nf3 Nc6 3. Bc4 Nf6 4. Ng5 Bc5 5. Bxf7+ Ke7 6. Bd5 Nxd5 7. exd5 Nd4 8. O-O h6 9. Nf3 Nxf3+ 10. Qxf3 Rf8 11. Qg3 Bd6 12. Qxg7+ Rf7 13. Qxh6 Qg8 14. d3 Ke8 15. Nc3 Be7 16. Ne4 d6 17. Be3 Bf5 18. c4 Rg7 19. Ng3 Rh7 20. Nxf5 Rxh6 21. Nxh6 Qg6 22. h3 Bg5 23. Ng4 Bxe3 24. fxe3 Qxd3 25. Nf6+ Ke7 26. b3 Qxe3+ 27. Kh1 Qg5 28. Ne4 Qh4 29. Nd2 Rf8 30. Nf3 Qh6 31. Rae1 Qg6 32. c5 a6 33. cxd6+ cxd6 34. Rc1 Kd7 35. Nxe5+ dxe5 36. Rxf8 Qg3 37. Rf7+ Kd6 38. Rxb7 Kxd5 39. Rd1+ Kc5 40. Rc7+ Kb4 41. Rc4+ Ka3 42. Ra4+ Kb2 43. Rxa6 Qe3 44. b4 e4 45. a4 Qc3 46. b5 e3 47. Re6 Kc2 48. Rdd6 Qe1+ 49. Kh2 Kb3 50. b6 Qf2 51. Rd3+ Kxa4 52. Rexe3 Qf4+ 53. Rg3 Qb8 54. b7 Ka5 55. Ra3+ Kb6 56. Rb3+ Kc6 57. h4 Kd7 58. Kh1 Kc6 59. Rg6+ Kd5 60. Rg8 Qxg8 61. b8=Q 1-0

[Event "4NCL Online Division 7"]
[Site "online"]
[Date "2021.02.23"]
[EventDate "2021.02.23"]
[Round "3.254"]
[White "Butler, Rene"]
[WhiteElo "1166"]
[WhiteTeam "Harborough Cuatro 2"]
[Black "Bhat, Advay"]
[BlackElo "1247"]
[BlackTeam "Uxbridge Eagles"]
[Result "0-1"]
[PlyCount "84"]

1. d4 d5 2. Bf4 Nc6 3. e3 Nf6 4. c3 Bf5 5. Bd3 g6 6. Bxf5 gxf5 7. Nf3 Qd7 8. Nbd2 O-O-O 9. a4 Na5 10. Ne5 Qe6 11. b4 Nc6 12. b5 Nxe5 13. Bxe5 Qb6 14. O-O Rg8 15. Qb3 a5 16. c4 Ne4 17. Nxe4 fxe4 18. c5 Qg6 19. Bg3 h5 20. h4 e6 21. c6 b6 22. f4 Be7 23. Kf2 Qxg3+ 24. Ke2 Qxg2+ 25. Rf2 Qg4+ 26. Kd2 Bb4+ 27. Kc2 Qxh4 28. Raf1 Qh3 29. f5 Rg2 30. fxe6 fxe6 31. Kb1 Rxf2 32. Rxf2 Qh1+ 33. Ka2 Rf8 34. Qc2 Qg1 35. Rxf8+ Bxf8 36. Qe2 Qg4 37. Qf1 Qf3 38. Qg1 h4 39. Kb1 h3 40. Qg6 Qh1+ 41. Ka2 Qg2+ 42. Kb3 Qxg6 0-1

[Event "4NCL Online Division 7"]
[Site "online"]
[Date "2021.02.23"]
[EventDate "2021.02.23"]
[Round "3.262"]
[White "Catabay, Rezin C"]
[WhiteElo "1306"]
[WhiteTeam "Colchester JFF B"]
[Black "Burling, Andrew"]
[BlackElo "1315"]
[BlackTeam "Horsham 3"]
[Result "0-1"]
[PlyCount "82"]

1. c4 Nf6 2. d4 e5 3. dxe5 Ng4 4. Nf3 Bc5 5. e3 Nc6 6. Nc3 Ngxe5 7. Na4 Qe7 8. Nxc5 Qxc5 9. Qd5 Nxf3+ 10. Qxf3 Qb4+ 11. Kd1 O-O 12. Bd3 Ne5 13. Qe4 Nxd3 14. Qxd3 d6 15. b3 Bd7 16. Bd2 Qc5 17. b4 Qe5 18. Bc3 Qg5 19. g3 Bg4+ 20. Kc2 Rfe8 21. Rae1 Bf3 22. h4 Qg4 23. Rhg1 Be4 24. Qxe4 Qxe4+ 25. Kb3 c6 26. f4 d5 27. Bd4 dxc4+ 28. Kxc4 Qd5+ 29. Kc3 Qxa2 30. g4 Qa3+ 31. Kc2 Qxb4 32. f5 Rad8 33. Bc3 Qa4+ 34. Kb2 Rd3 35. g5 Rexe3 36. Rxe3 Rxe3 37. Bd2 Rb3+ 38. Kc2 Qc4+ 39. Kd1 Rb1+ 40. Bc1 Rxc1+ 41. Kd2 Rxg1 0-1

[Event "4NCL Online Division 7"]
[Site "online"]
[Date "2021.02.23"]
[EventDate "2021.02.23"]
[Round "3.263"]
[White "Roberts, Harry"]
[WhiteElo "1248"]
[WhiteTeam "Horsham 3"]
[Black "Balaggan, Karam S"]
[BlackElo "1296"]
[BlackTeam "Colchester JFF B"]
[Result "0-1"]
[PlyCount "68"]

1. e4 c5 2. Nf3 d6 3. d4 cxd4 4. Nxd4 Nf6 5. Nc3 Nc6 6. Be2 e5 7. Nb3 a5 8. a4 Nb4 9. O-O Qc7 10. Bd2 Bd7 11. Bb5 Be7 12. Re1 O-O 13. h3 Bxb5 14. Nxb5 Qc5 15. c3 Nd3 16. Re2 Nxb2 17. Qc2 Qc4 18. Be3 Nxa4 19. Na3 Qxc3 20. Qxc3 Nxc3 21. Rc2 Ncxe4 22. f3 Nc5 23. Nxc5 dxc5 24. Bxc5 Bxc5+ 25. Rxc5 Rfe8 26. Nb5 Rec8 27. Nc7 Rab8 28. Raxa5 b6 29. Ra8 Rxa8 30. Rb5 Rxc7 31. Rxb6 Ra1+ 32. Kh2 h6 33. Rb8+ Kh7 34. Rb5 Re7 0-1

[Event "4NCL Online Division 7"]
[Site "online"]
[Date "2021.02.23"]
[EventDate "2021.02.23"]
[Round "3.264"]
[White "Popovici, Serena"]
[WhiteElo "1250"]
[WhiteTeam "Colchester JFF B"]
[Black "Jefferson, Simon"]
[BlackElo "900"]
[BlackTeam "Horsham 3"]
[Result "1-0"]
[PlyCount "63"]

1. e4 e6 2. d4 Be7 3. Nf3 d5 4. e5 Nh6 5. Nc3 O-O 6. Bxh6 gxh6 7. Bd3 Bb4 8. Nd2 Qh4 9. Nb5 a6 10. c3 c6 11. Nc7 Ra7 12. g3 Qh3 13. Bf1 Qg4 14. Qxg4+ Kh8 15. cxb4 f6 16. Nxe6 Rg8 17. Qf5 Bxe6 18. Qxf6+ Rg7 19. Qxe6 b6 20. Nf3 Rg6 21. Qf5 c5 22. bxc5 bxc5 23. dxc5 Rc7 24. Qf8+ Rg8 25. Qd6 Rd7 26. Qxh6 d4 27. Bc4 Rgg7 28. Ng5 d3 29. Qf6 d2+ 30. Kd1 Nc6 31. Qf8+ Rg8 32. Qxg8# 1-0

[Event "4NCL Online Division 7"]
[Site "online"]
[Date "2021.02.23"]
[EventDate "2021.02.23"]
[Round "3.271"]
[White "Scott, Jane"]
[WhiteElo "1356"]
[WhiteTeam "Barnet Knights E"]
[Black "Warren, Archie"]
[BlackElo "1367"]
[BlackTeam "Farnham C"]
[Result "0-1"]
[PlyCount "62"]

1. e4 c5 2. Nf3 d6 3. d4 cxd4 4. Nxd4 Nf6 5. Nc3 g6 6. Bc4 Bg7 7. O-O O-O 8. Be3 Nc6 9. Nde2 Ng4 10. Bf4 a6 11. Qd2 Bd7 12. f3 Nge5 13. Bb3 Qc7 14. Bh6 a5 15. h3 b5 16. a3 Rab8 17. a4 bxa4 18. Bxa4 Nc4 19. Qd3 Nxb2 20. Qe3 Nxa4 21. Rxa4 Nb4 22. Nd5 Nxd5 23. exd5 Bxa4 24. Ra1 Bxa1 25. Bxf8 Kxf8 26. Qa3 Qc5+ 27. Qxc5 dxc5 28. Nf4 Rb1+ 29. Kh2 Be5 30. Kg3 Bxf4+ 31. Kxf4 Bxc2 0-1

[Event "4NCL Online Division 7"]
[Site "online"]
[Date "2021.02.23"]
[EventDate "2021.02.23"]
[Round "3.273"]
[White "Belur, Ankita"]
[WhiteElo "1345"]
[WhiteTeam "Barnet Knights E"]
[Black "Warnock, Oliver"]
[BlackElo "1258"]
[BlackTeam "Farnham C"]
[Result "1-0"]
[PlyCount "75"]

1. c4 f5 2. Nc3 Nf6 3. Nf3 e6 4. g3 Be7 5. Bg2 O-O 6. O-O c6 7. a3 d5 8. cxd5 cxd5 9. b4 Nbd7 10. Rb1 b6 11. Bb2 a5 12. bxa5 bxa5 13. Qc2 Ba6 14. Nd4 Qb6 15. Na4 Qd6 16. Nc6 Bxe2 17. Rfc1 Rfc8 18. Nxe7+ Qxe7 19. Qxc8+ Rxc8 20. Rxc8+ Kf7 21. Rbc1 Bb5 22. Bxf6 Kxf6 23. Nc3 Ba6 24. Rc6 Qxa3 25. Nxd5+ Kf7 26. R1c3 Qa1+ 27. Rc1 Qb2 28. R6c2 Qb3 29. Rc7 Ke8 30. R7c3 Qb2 31. Nc7+ Kf7 32. Nxa6 Qxd2 33. h3 Ne5 34. Rc7+ Kf6 35. Rb1 Nd3 36. Rf1 Ne1 37. Nc5 Qc3 38. Nd7+ 1-0

[Event "4NCL Online Division 7"]
[Site "online"]
[Date "2021.02.23"]
[EventDate "2021.02.23"]
[Round "3.274"]
[White "Warren, Orla"]
[WhiteElo "1186"]
[WhiteTeam "Farnham C"]
[Black "Malus, Sean"]
[BlackElo "1330"]
[BlackTeam "Barnet Knights E"]
[Result "1-0"]
[PlyCount "61"]

1. d4 d5 2. Bf4 Nc6 3. e3 Nf6 4. Bd3 Bg4 5. Nf3 e6 6. Nbd2 Bb4 7. c3 Ba5 8. h3 Bxf3 9. Qxf3 Qe7 10. Qe2 g6 11. Bg5 Qd6 12. Bxf6 Ne7 13. Bxh8 Kd7 14. Be5 Qb6 15. Nf3 Rg8 16. O-O-O Nc6 17. e4 Kc8 18. Ng5 Nb4 19. cxb4 Qc6+ 20. Kb1 Bxb4 21. Nxf7 Qb6 22. exd5 Re8 23. dxe6 Rxe6 24. Ng5 Re8 25. Qg4+ Kb8 26. Nxh7 Ba3 27. Qe2 Rf8 28. Rc1 Re8 29. Rc2 Qb4 30. Bxc7+ Ka8 31. Qxe8# 1-0

[Event "4NCL Online Division 7"]
[Site "online"]
[Date "2021.02.23"]
[EventDate "2021.02.23"]
[Round "3.281"]
[White "Orija, Olusegun"]
[WhiteElo "1400"]
[WhiteTeam "Streatham C"]
[Black "Blythe, Douglas"]
[BlackElo "1457"]
[BlackTeam "Wessex Some Stars G"]
[Result "0-1"]
[PlyCount "92"]

1. d4 f5 2. Bf4 e6 3. Nf3 Nf6 4. e3 b6 5. c4 Bb7 6. Nbd2 Bd6 7. Bg3 O-O 8. Bd3 Ne4 9. Qc2 Nxd2 10. Qxd2 a5 11. a3 Nc6 12. O-O Bxg3 13. hxg3 Qe8 14. d5 Ne7 15. e4 Qh5 16. Qg5 Qxg5 17. Nxg5 h6 18. Nh3 fxe4 19. Bxe4 exd5 20. cxd5 Bxd5 21. Rfe1 Bxe4 22. Rxe4 Ng6 23. b4 axb4 24. Rxb4 Ra7 25. f4 Rfa8 26. a4 Ra5 27. Nf2 b5 28. Nd3 bxa4 29. Ra3 d6 30. Nb2 c5 31. Rbxa4 Rxa4 32. Rxa4 Rxa4 33. Nxa4 Kf7 34. Kf2 Ke6 35. Ke3 Kd5 36. Nc3+ Kc6 37. Ke4 Ne7 38. g4 d5+ 39. Ke5 Ng6+ 40. Kf5 Nh4+ 41. Ke5 d4 42. Ne4 Nxg2 43. f5 Ne3 44. g5 hxg5 45. Nxg5 d3 46. Ke4 d2 0-1

[Event "4NCL Online Division 7"]
[Site "online"]
[Date "2021.02.23"]
[EventDate "2021.02.23"]
[Round "3.282"]
[White "Cuthbert, Larissa"]
[WhiteElo "1429"]
[WhiteTeam "Wessex Some Stars G"]
[Black "Adatia, Amar"]
[BlackElo "1373"]
[BlackTeam "Streatham C"]
[Result "0-1"]
[PlyCount "36"]

1. e4 c5 2. Nf3 d6 3. d4 cxd4 4. Nxd4 Nf6 5. Nc3 a6 6. Be3 e6 7. Qd2 b5 8. O-O-O Bb7 9. f3 Nbd7 10. Be2 Nb6 11. g4 Nfd7 12. h4 Ne5 13. g5 Nbc4 14. Bxc4 Nxc4 15. Qf2 Qa5 16. f4 b4 17. Nce2 Qxa2 18. c3 Qxb2# 0-1

[Event "4NCL Online Division 7"]
[Site "online"]
[Date "2021.02.23"]
[EventDate "2021.02.23"]
[Round "3.283"]
[White "Isaacs, Ruairi"]
[WhiteElo "1338"]
[WhiteTeam "Streatham C"]
[Black "Le Fevre, Stephen D"]
[BlackElo "1338"]
[BlackTeam "Wessex Some Stars G"]
[Result "0-1"]
[PlyCount "72"]

1. e4 c5 2. Nf3 e6 3. d4 cxd4 4. Nxd4 a6 5. f3 d6 6. Be3 Nf6 7. Nc3 Be7 8. Bd3 Nbd7 9. O-O b5 10. Nce2 Qc7 11. c3 Bb7 12. Nc2 O-O 13. Rc1 Rfc8 14. Bf2 Ne5 15. Ne3 Nxd3 16. Qxd3 d5 17. exd5 Nxd5 18. Nxd5 Bxd5 19. Qb1 Bc5 20. Bxc5 Qxc5+ 21. Kh1 Bc4 22. Rce1 Rd8 23. Qc1 Bxa2 24. f4 Bc4 25. Qc2 Bd3 26. Qc1 Rd6 27. Nd4 Bxf1 28. Rxf1 Rad8 29. f5 e5 30. Nc2 f6 31. Nb4 a5 32. Nc2 Rd2 33. h3 Qd5 34. Ne3 Qd3 35. Qe1 Re2 36. Qg3 Rxe3 0-1

[Event "4NCL Online Division 7"]
[Site "online"]
[Date "2021.02.23"]
[EventDate "2021.02.23"]
[Round "3.284"]
[White "Wright, George A"]
[WhiteElo "1082"]
[WhiteTeam "Wessex Some Stars G"]
[Black "McNeil, Eric Dylan"]
[BlackElo "1004"]
[BlackTeam "Streatham C"]
[Result "0-1"]
[PlyCount "76"]

1. e4 c6 2. d4 d5 3. Nc3 dxe4 4. Nxe4 Bf5 5. Ng3 Bg6 6. Nf3 Nd7 7. Bd3 Bxd3 8. Qxd3 Ngf6 9. O-O e6 10. Re1 Be7 11. Bf4 O-O 12. Ng5 Re8 13. Nh5 Bf8 14. Be5 g6 15. Nf4 Bg7 16. Qh3 h6 17. Ne4 Nxe4 18. Bxg7 Kxg7 19. Rxe4 Nf6 20. Nxe6+ Rxe6 21. Rxe6 fxe6 22. Qxe6 Qe8 23. Re1 Qxe6 24. Rxe6 Re8 25. Rxe8 Nxe8 26. Kf1 Kf6 27. Ke2 Nd6 28. Kd3 b5 29. f3 a5 30. g4 Kg5 31. Ke3 Nc4+ 32. Ke4 Nxb2 33. Ke5 Nc4+ 34. Ke4 Kf6 35. d5 cxd5+ 36. Kxd5 Ne3+ 37. Kc5 Nxc2 38. f4 Na3 0-1

[Event "4NCL Online Division 7"]
[Site "online"]
[Date "2021.02.23"]
[EventDate "2021.02.23"]
[Round "3.292"]
[White "Jodhka, Aarav"]
[WhiteElo "1000"]
[WhiteTeam "Crowthorne 2"]
[Black "Mills, Matt"]
[BlackElo "1439"]
[BlackTeam "Wantage B"]
[Result "0-1"]
[PlyCount "108"]

1. e4 e5 2. Nf3 Nc6 3. Bc4 Nf6 4. Nc3 Bc5 5. O-O O-O 6. d3 d6 7. h3 Bd7 8. Bg5 Be6 9. Nd5 Bxd5 10. Bxd5 Rb8 11. a3 h6 12. Bh4 g5 13. Bg3 Nxd5 14. exd5 Ne7 15. c4 Ng6 16. b4 Bd4 17. Nxd4 exd4 18. Qh5 Kh7 19. f4 f6 20. fxg5 fxg5 21. Rxf8 Qxf8 22. Rf1 Qe7 23. h4 gxh4 24. Bxh4 Qe3+ 25. Kh1 Rg8 26. Rf7+ Rg7 27. Qf5 Qe5 28. Rxg7+ Kxg7 29. Bf6+ Qxf6 30. Qd7+ Qf7 31. Qb5 Qf1+ 32. Kh2 Qxd3 33. Qd7+ Kg8 34. Qxc7 Qxa3 35. Qxd6 Qa6 36. Qd8+ Nf8 37. Qh4 Qxc4 38. Qxh6 Qxd5 39. Qf4 d3 40. Qg3+ Kf7 41. Qf2+ Ke7 42. Qh4+ Kd6 43. Qf6+ Ne6 44. Qf1 Nf4 45. Qxf4+ Qe5 46. Qxe5+ Kxe5 47. g4 Kf4 48. g5 Kxg5 49. Kh3 d2 50. Kh2 Kf4 51. Kg2 d1=Q 52. Kf2 Qd2+ 53. Kf1 Kf3 54. Kg1 Qg2# 0-1

[Event "4NCL Online Division 7"]
[Site "online"]
[Date "2021.02.23"]
[EventDate "2021.02.23"]
[Round "3.293"]
[White "Leake, John"]
[WhiteElo "1303"]
[WhiteTeam "Wantage B"]
[Black "De Silva, Teah"]
[BlackElo "962"]
[BlackTeam "Crowthorne 2"]
[Result "1/2-1/2"]
[PlyCount "149"]

1. d4 d5 2. Nc3 Nf6 3. Bf4 c6 4. e3 e6 5. Nf3 c5 6. dxc5 Bxc5 7. Nd4 Nc6 8. Bb5 Qd7 9. O-O a6 10. Ba4 b5 11. Bb3 O-O 12. a4 b4 13. Na2 Nxd4 14. exd4 Bd6 15. Be5 Ne4 16. Re1 Rb8 17. c3 f6 18. Bxd6 Qxd6 19. cxb4 a5 20. b5 Qf4 21. Re2 e5 22. Bc2 Bg4 23. f3 Bf5 24. Qf1 Nd2 25. Rxd2 Qxd2 26. Bxf5 Qxd4+ 27. Kh1 Qxa4 28. Be6+ Kh8 29. Bxd5 Rxb5 30. b3 Rxb3 31. Bxb3 Qxb3 32. Nc1 Qb4 33. Ne2 a4 34. h3 a3 35. Rb1 Qa4 36. Ra1 a2 37. Nc1 Qc2 38. Nxa2 g5 39. Nc1 Qb2 40. Ne2 f5 41. Re1 h5 42. Nc1 g4 43. Nd3 Qd4 44. Nxe5 Rg8 45. f4 Qd5 46. Qe2 gxh3 47. Nf3 hxg2+ 48. Kg1 Qc5+ 49. Kh2 Qb4 50. Qe5+ Rg7 51. Rg1 Qe4 52. Nh4 Qxe5 53. fxe5 Rg4 54. Nxg2 Re4 55. Re1 Rxe1 56. Nxe1 Kg7 57. Kg3 Kf7 58. Kf4 Ke6 59. Nf3 Kd7 60. Kxf5 Ke7 61. Kg5 Ke6 62. Kxh5 Kf5 63. Kh6 Ke6 64. Kg6 Ke7 65. Ng5 Kd7 66. Kf7 Kd8 67. e6 Kc7 68. e7 Kd6 69. e8=Q Kd5 70. Qe6+ Kd4 71. Kf6 Kd3 72. Qe4+ Kc3 73. Ke5 Kd2 74. Qf3 Ke1 75. Ne4 1/2-1/2

[Event "4NCL Online Division 7"]
[Site "online"]
[Date "2021.02.23"]
[EventDate "2021.02.23"]
[Round "3.294"]
[White "De Silva, Dylan"]
[WhiteElo "962"]
[WhiteTeam "Crowthorne 2"]
[Black "Kachkanov, Slava"]
[BlackElo "1150"]
[BlackTeam "Wantage B"]
[Result "1-0"]
[PlyCount "55"]

1. e4 Nc6 2. Nf3 d5 3. exd5 Qxd5 4. Nc3 Qd6 5. Bc4 e6 6. O-O Nf6 7. d3 Be7 8. g3 O-O 9. Re1 a6 10. Bf4 Qd7 11. Ne5 Nxe5 12. Bxe5 b5 13. Bb3 a5 14. a4 c6 15. axb5 cxb5 16. Qf3 Bb7 17. Qe3 a4 18. Ba2 b4 19. Ne4 Ng4 20. Qf4 Nxe5 21. Qxe5 f6 22. Bxe6+ Qxe6 23. Qxe6+ Rf7 24. Nd6 Bxd6 25. Qxd6 Rc8 26. h4 Rxc2 27. Re8+ Rf8 28. Qxf8# 1-0

[Event "4NCL Online Division 7"]
[Site "online"]
[Date "2021.02.23"]
[EventDate "2021.02.23"]
[Round "3.301"]
[White "Mahon, Paul"]
[WhiteElo "1150"]
[WhiteTeam "Wantage C"]
[Black "Almashhadi, Mustafa"]
[BlackElo "1569"]
[BlackTeam "RCSI Team 2"]
[Result "0-1"]
[PlyCount "82"]

1. e4 c6 2. d4 d5 3. Nc3 dxe4 4. Nxe4 Bf5 5. Ng3 Bg6 6. h4 h6 7. h5 Bh7 8. Nf3 e6 9. Bf4 Bd6 10. Bxd6 Qxd6 11. Qd2 Ne7 12. O-O-O Nf5 13. Nxf5 Bxf5 14. Bd3 Bg4 15. Be2 Qd5 16. Kb1 Bxh5 17. c4 Qf5+ 18. Bd3 Qxd3+ 19. Qxd3 Bg6 20. Qxg6 fxg6 21. Rhe1 O-O 22. Rxe6 Nd7 23. Rxg6 Rae8 24. Rd2 Nf6 25. Kc2 Kh7 26. Nh4 Ne4 27. Re2 Rxf2 28. Rxf2 Nxf2 29. Kd2 Ne4+ 30. Kd3 Nf2+ 31. Kd2 Re4 32. Rd6 Rxh4 33. Rd7 Rh2 34. Rxb7 Rxg2 35. Kc3 Rg6 36. Rxa7 h5 37. Rf7 Ne4+ 38. Kc2 h4 39. Rf4 h3 40. Rxe4 h2 41. Re1 Rg1 0-1

[Event "4NCL Online Division 7"]
[Site "online"]
[Date "2021.02.23"]
[EventDate "2021.02.23"]
[Round "3.302"]
[White "Dykes, Amy"]
[WhiteElo "1366"]
[WhiteTeam "RCSI Team 2"]
[Black "Reeves, Thomas"]
[BlackElo "925"]
[BlackTeam "Wantage C"]
[Result "1-0"]
[PlyCount "49"]

1. e4 e5 2. Nf3 Nc6 3. Nc3 Bc5 4. Bc4 a6 5. d3 b5 6. Bd5 Nf6 7. Bg5 h6 8. Bh4 g5 9. Bg3 d6 10. Bxc6+ Bd7 11. Bxa8 Qxa8 12. O-O Qb7 13. d4 exd4 14. Nxd4 Qa7 15. Re1 Bxd4 16. Nd5 Ng4 17. Qf3 h5 18. c3 Be5 19. Bxe5 Nxe5 20. Nf6+ Kd8 21. Qg3 h4 22. Qxg5 h3 23. Qg7 Rh4 24. Qf8+ Be8 25. Qxe8# 1-0

[Event "4NCL Online Division 7"]
[Site "online"]
[Date "2021.02.23"]
[EventDate "2021.02.23"]
[Round "3.303"]
[White "Richards, Edward"]
[WhiteElo "790"]
[WhiteTeam "Wantage C"]
[Black "Cummins, Harry"]
[BlackElo "1422"]
[BlackTeam "RCSI Team 2"]
[Result "0-1"]
[PlyCount "32"]

1. e4 e5 2. Nf3 Nc6 3. Bb5 Bc5 4. O-O Nf6 5. Nc3 a6 6. Bxc6 bxc6 7. Nxe5 d5 8. Nxc6 Qd6 9. Na5 dxe4 10. d3 exd3 11. cxd3 O-O 12. Re1 Ng4 13. h3 Qh2+ 14. Kf1 Bd7 15. Bf4 Qxf4 16. g3 Qxf2# 0-1

[Event "4NCL Online Division 7"]
[Site "online"]
[Date "2021.02.23"]
[EventDate "2021.02.23"]
[Round "3.304"]
[White "McNee, Molly"]
[WhiteElo "1023"]
[WhiteTeam "RCSI Team 2"]
[Black "Richards, Toby"]
[BlackElo "750"]
[BlackTeam "Wantage C"]
[Result "1-0"]
[PlyCount "89"]

1. e4 e5 2. Nf3 Nc6 3. Bc4 Nf6 4. d3 h6 5. Nc3 a6 6. b3 Bb4 7. Bd2 d6 8. a3 Bxc3 9. Bxc3 Bg4 10. b4 b5 11. Bb3 Be6 12. a4 O-O 13. O-O Qc8 14. Bd2 Nd4 15. Nxd4 exd4 16. Rb1 Bg4 17. f3 Be6 18. c4 Qd7 19. Ra1 Qc8 20. Bc1 Bd7 21. c5 dxc5 22. bxc5 Qe8 23. a5 c6 24. Bb2 Qd8 25. Bxd4 Rb8 26. f4 Re8 27. e5 Nd5 28. Bf2 Bf5 29. d4 Nc3 30. Qe1 Ne4 31. Bh4 g5 32. Bg3 Bg6 33. Bf2 Nxf2 34. Qxf2 Bd3 35. Rfd1 Bf5 36. fxg5 hxg5 37. Qxf5 Rf8 38. Rf1 Qxd4+ 39. Rf2 Qxa1+ 40. Rf1 Qb2 41. Bd1 Qb4 42. Qxg5+ Kh7 43. Rf3 Qxc5+ 44. Kf1 Rbe8 45. Rh3# 1-0

[Event "4NCL Online Division 7"]
[Site "online"]
[Date "2021.02.23"]
[EventDate "2021.02.23"]
[Round "3.311"]
[White "Wilson, Bryan"]
[WhiteElo "1495"]
[WhiteTeam "St Andrews White Cross 2"]
[Black "Tarigopula, Pawan Kumar"]
[BlackElo "1280"]
[BlackTeam "Uxbridge Fury"]
[Result "0-1"]
[PlyCount "80"]

1. d4 f5 2. Nf3 Nf6 3. c4 e6 4. a3 Be7 5. Nc3 O-O 6. e3 a5 7. Bd3 b6 8. O-O Bb7 9. Kh1 Ne4 10. Ne2 Bh4 11. Nxh4 Qxh4 12. Ng3 Rf6 13. Bxe4 fxe4 14. Qh5 Qxh5 15. Nxh5 Rf7 16. Bd2 Ba6 17. Rac1 d5 18. b3 a4 19. Nf4 axb3 20. Rg1 Bxc4 21. Bb4 Nc6 22. Nxe6 Nxb4 23. axb4 Rxf2 24. Nxc7 Raa2 25. Ne6 b2 26. Rce1 Bd3 27. Nf4 b1=Q 28. Rxb1 Bxb1 29. Rxb1 Rab2 30. Ra1 h6 31. Kg1 Rfc2 32. Re1 Kf7 33. Rf1 Ke8 34. Ra1 Kd7 35. Re1 Kd6 36. Kf1 Rxb4 37. Nh5 Rbb2 38. Nxg7 Rf2+ 39. Kg1 Rxg2+ 40. Kf1 Rxg7 0-1

[Event "4NCL Online Division 7"]
[Site "online"]
[Date "2021.02.23"]
[EventDate "2021.02.23"]
[Round "3.312"]
[White "Tarigopula, Varish"]
[WhiteElo "1258"]
[WhiteTeam "Uxbridge Fury"]
[Black "Stamp, Edward"]
[BlackElo "1473"]
[BlackTeam "St Andrews White Cross 2"]
[Result "0-1"]
[PlyCount "166"]

1. e4 e5 2. Nf3 Nf6 3. Nc3 Nc6 4. Bb5 Bd6 5. O-O a6 6. Ba4 b5 7. Bb3 b4 8. Nd5 Nxd5 9. Bxd5 Rb8 10. d3 Ne7 11. Bb3 O-O 12. Bg5 Kh8 13. Qd2 f6 14. Bh4 Bb7 15. Rfe1 Bc5 16. d4 Bd6 17. Rac1 Ng6 18. Bg3 Nf4 19. Bxf4 exf4 20. Qd3 Qe8 21. c3 bxc3 22. bxc3 Qg6 23. Nh4 Qg5 24. Nf3 Qg6 25. Nh4 Qg5 26. Nf3 Qh5 27. c4 Rbe8 28. c5 Be7 29. d5 g5 30. Nd4 g4 31. Bd1 d6 32. Ne6 Rf7 33. cxd6 Bxd6 34. Qb3 f3 35. g3 Qh3 36. Bxf3 gxf3 37. Qxf3 Bc8 38. Ng5 Qd7 39. Nxf7+ Qxf7 40. Rc2 Rg8 41. e5 Bg4 42. Qf4 Qg6 43. Qxf6+ Qxf6 44. exf6 Rf8 45. f3 Bxf3 46. Rf1 Bxd5 47. Rff2 c5 48. Kf1 Bc6 49. g4 Bb5+ 50. Kg2 Bc6+ 51. Kh3 Bb5 52. g5 c4 53. Rfd2 Bf4 54. Rd5 Kg8 55. Kg4 Bc7 56. Kf5 Rd8 57. Rxd8+ Bxd8 58. h4 Kf7 59. Rd2 Bb6 60. Rc2 Bd4 61. Ke4 Bc5 62. Kd5 Bb4 63. Kd4 c3 64. Rxc3 Bxc3+ 65. Kxc3 Be8 66. Kb4 Kg6 67. Ka5 Kh5 68. Kxa6 Kxh4 69. Ka5 Kxg5 70. a4 Kxf6 71. Kb4 h5 72. Kc3 h4 73. a5 h3 74. a6 h2 75. a7 Bc6 76. a8=Q Bxa8 77. Kd4 h1=Q 78. Kc4 Qd5+ 79. Kc3 Ke5 80. Kb4 Kd4 81. Ka3 Kc3 82. Ka4 Bc6+ 83. Ka3 Qa5# 0-1